| 000 | 00548nam a2200157Ia 4500 | ||
|---|---|---|---|
| 005 | 20240815044703.0 | ||
| 008 | 240331s9999 xx 000 0 und d | ||
| 020 | _a0602208602 | ||
| 082 |
_bRIC _a407 |
||
| 100 | _aRichards, H | ||
| 245 | 0 |
_aSelection examination english tests _cHaydn, Richards |
|
| 260 |
_aAylesbury _bGinn and Company Ltd _c1980 |
||
| 300 | _a128 p ., | ||
| 500 | _aAs its title implies this book has been specially designed to test the ability in English of children who intend sitting for the selection Examination | ||
| 942 | _cL | ||
| 999 |
_c3037 _d3037 |
||